000
00334nam a2200145Ia 4500
001
R-1008
003
CODICE-MESSINA
005
20260212102500.0
008
260211s9999 xx 000 0 und d
040
_c
importazione_messina
100
_a
Vittorio Gorresio
245
0
_a
La Vita Ingenua
260
_b
Rizzoli
942
_2
ddc
_c
BK
999
_c
27502
_d
27502